Mechanizace a provádění staveb

Guardado en:
Detalles Bibliográficos
Autores principales: Rýznar, Jan (Autor), Smrček, Miroslav (Autor)
Formato: Libro
Lenguaje:checo
Publicado: Brno : Vysoké učení technické v Brně, 1986
Etiquetas: Agregar Etiqueta
Sin Etiquetas, Sea el primero en etiquetar este registro!

MARC

LEADER 00000nam a22000003a 4500
001 stu86989
005 20150617225630.0
008 040514s1986----cs------------------cze-d
040 |a STU  |b slo 
041 0 |a cze 
044 |a cs 
080 |a 624.05(075.8) 
080 |a 69.05(075.8) 
100 1 |a Rýznar, Jan  |4 aut 
245 1 |a Mechanizace a provádění staveb 
260 |a Brno :  |b Vysoké učení technické v Brně,  |c 1986 
300 |a 466 s 
700 1 |a Smrček, Miroslav  |4 aut 
996 |b 284V029609  |c V*29626/S-88  |l VVT  |s A  |a 24  |w stu86989_0001